000 00449nam a2200181Ia 4500
001 7753
005 20260306160518.0
008 260306t2002||||xx |||||||||||||| ||spa||
041 _aESP
082 _a361.25
_bV35
100 _aVásquez Huamán, Enrique (ed.)
_eAUT
245 0 _aImpacto de la inversión social en el Perú
260 _c2002
300 _a292 páginas :
_c21cm.
650 _aGEN
654 _aCAN
942 _cLIB
_dJUS
_fJUS
_2ddc
_n
999 _c7753
_d7753